000 00452cam a2200145 4500500
005 20251228074214.0
041 _afre
042 _adc
100 1 0 _aDiaz, José-Luis
_eauthor
245 0 0 _a« Avoir de l'esprit »
260 _c2005.
500 _a26
786 0 _nL'Année balzacienne | 6 | 1 | 2005-06-01 | p. 145-174 | 0084-6473
856 4 1 _uhttps://shs.cairn.info/revue-l-annee-balzacienne-2005-1-page-145?lang=fr&redirect-ssocas=7080
999 _c1597138
_d1597138